[Event "6th Porticcio Open 2019"]
[Site "Porticcio"]
[Date "2019.07.03"]
[Round "6.4"]
[White "Can, Isik"]
[Black "Sadhwani, Raunak"]
[Result "0-1"]
[WhiteElo "2379"]
[BlackElo "2482"]
[Annotator "TA"]
[PlyCount "86"]
[EventDate "2019.06.23"]
[EventType "swiss"]
[EventCountry "FRA"]
[SourceTitle "playchess.com"]
[Source "ChessBase"]
[SourceQuality "1"]

{[%evp 12,86,78,82,78,74,81,71,86,72,105,105,105,105,105,74,74,74,100,56,74,60,75,61,85,61,83,-31,-38,-38,-38,-55,-61,-68,-58,-65,-68,-112,-100,-112,-104,-98,-93,-179,-161,-174,-174,-172,-178,-177,-172,-176,-177,-172,-177,-269,-264,-260,-248,-325,-305,-298,-295,-305,-290,-402,-387,-541,-533,-542,-533,-795,-784,-991,-656,-1236,-897]} 1. e4 e5 2. Nf3 Nc6 3. Bc4 Nf6 4. d3 Bc5 5. Nc3 h6 6. Be3 d6 7. Bxc5 dxc5 {[#] C50: Hungarian Defence and Giuoco Pianissimo} 8. Bb5 $1 Bg4 (8... Qd6 9. Bxc6+ bxc6 10. h3 Be6 11. b3 Nh5 12. Ne2 g6 13. Qd2 Ng7 14. Nh2 Bd7 15. f4 exf4 16. Nxf4 {½-½ (39) Cubas,J (2518)-Perdomo,L (2372) Fortaleza 2012}) 9. h3 Bxf3 {White is better.} 10. Qxf3 Nd7 $146 ({Predecessor:} 10... Qd6 11. Nd5 O-O-O 12. Bxc6 Qxc6 13. Ne7+ Kb8 14. Nxc6+ bxc6 15. O-O {1-0 (30) Huynh Nguyen Anh,Q-Pham,T Ho Chi Minh City 2001}) 11. Bxc6 bxc6 12. Qe3 Qg5 13. O-O Qxe3 14. fxe3 Nf8 15. a4 h5 16. Rfb1 Rb8 17. a5 Ne6 18. Ra4 Rb4 19. Rxb4 (19. b3 $16) 19... cxb4 $16 {[%mdl 4096] Endgame KRN-KRN} 20. Na2 c5 21. c3 b3 22. Nc1 {[#]} c4 $1 {[%mdl 512]} 23. dxc4 Nc5 24. Ra1 Ke7 {...Rd8 is the strong threat.} 25. Ra3 Rd8 {And now ...Rd1+ would win.} ({Don't play} 25... Nxe4 $6 26. Rxb3 Rd8 27. Kh2 $11) 26. Nxb3 Rd1+ 27. Kh2 (27. Kf2 $17 Nxe4+ 28. Kf3) 27... Nxe4 $19 28. Ra1 Rxa1 29. Nxa1 {KN-KN} Nd2 30. b3 Nf1+ 31. Kg1 Nxe3 32. Kf2 Nd1+ 33. Ke2 (33. Ke1 $142 Nxc3 34. b4) 33... Nxc3+ 34. Kd3 {[#]} Na2 $1 35. c5 c6 36. Nc2 Nc1+ 37. Kc4 Ne2 38. a6 h4 39. b4 Ke6 {Black is clearly winning.} 40. Kd3 Nf4+ {[%mdl 64] Double Attack} 41. Kc4 Nxg2 42. Na3 Ne3+ 43. Kb3 Nf5 {Accuracy: White = 32%, Black = 78%.} 0-1

[Event "6th Porticcio Open 2019"]
[Site "Porticcio"]
[Date "2019.07.03"]
[Round "6.5"]
[White "Cornette, Matthieu"]
[Black "Fedorchuk, Sergey A."]
[Result "1/2-1/2"]
[WhiteElo "2548"]
[BlackElo "2631"]
[Annotator "TA"]
[PlyCount "124"]
[EventDate "2019.06.23"]
[EventType "swiss"]
[EventCountry "FRA"]
[SourceTitle "playchess.com"]
[Source "ChessBase"]
[SourceQuality "1"]

{[%evp 21,124,14,16,-44,-53,-32,-29,-66,-42,-41,-47,-54,33,33,26,33,28,32,46,64,47,65,39,16,22,10,48,45,45,42,31,14,47,0,6,8,71,62,102,106,144,150,137,154,161,151,121,49,152,149,154,152,148,147,127,116,195,168,187,199,186,177,387,403,397,382,403,402,392,380,378,354,683,689,677,681,649,631,689,689,689,689,1173,689,606,579,765,739,1385,483,237,8,8,8,8,8,8,0,0,0,0,0,0,-8,-8]} 1. Nf3 Nf6 2. c4 e6 3. g3 b6 4. Bg2 Bb7 5. O-O Be7 6. d4 c6 7. Qc2 d5 8. Nbd2 Nbd7 9. e4 dxc4 10. Nxc4 O-O 11. Rd1 c5 12. d5 {E09: Closed Catalan: Main Line: 7 Qc2 c6 8 Nbd2} (12. e5 $11 Nd5 13. dxc5) (12. Ng5 h6 13. e5 Bxg2 14. exf6 Nxf6 15. Kxg2 hxg5 16. dxc5 Qc7 17. cxb6 axb6 18. Qe2 Rfc8 19. b3 b5 {1-0 (94) Howell,D (2698)-Lopez Martinez,J (2607) Heraklio 2017}) 12... exd5 $15 13. exd5 Bxd5 14. Bf4 {Black has an edge.} Qc8 $1 15. Nd6 Bxd6 16. Bxd6 Re8 $146 {[#]} (16... Rd8 $1 $15) ({Predecessor:} 16... Rd8 17. Rxd5 Nxd5 18. Ng5 N7f6 19. Bxd5 Rxd6 20. Bxf7+ {0-1 (33) Bronstein,O (2385)-Fakhrutdinov,T (2472) Porto Carras 2018}) 17. Rxd5 $1 $14 {[%mdl 512]} Nxd5 {[#]} 18. Ng5 $1 {[%csl Gg5,LRd5,LRh7][%cal Rc2h7][%mdl 512]} N5f6 19. Qc4 Ne5 20. Bxe5 $1 Rxe5 21. Nxf7 b5 $1 {[%cal Rb5c4]} 22. Nh6+ {[%mdl 64] Discovered Attack (Double check)} Kh8 23. Qf4 Re7 {White should prevent ...Rb8.} (23... Re6 $5 {[%cal Rg7h6]} 24. Bxa8 Qxa8 $11) 24. Nf5 Rd7 {With the idea ...Rb8.} 25. Bxa8 Qxa8 26. Re1 Qd8 27. h3 h6 28. Kh2 Kh7 (28... Nd5 $11 29. Qe5 Nf6) 29. Re6 c4 30. Nd6 a6 31. Ne4 Nd5 32. Qf5+ $1 ({Don't take} 32. Qg4 $6 Nc7 $14) 32... Kg8 33. Rxa6 Rf7 34. Qe5 ({White should try} 34. Rd6 $16 Rxf5 35. Rxd8+ Kf7 36. Rb8) 34... Nc7 (34... Nb4 $1 $14 35. Re6 Nd3 36. Re8+ (36. Qxb5 Qd4 $16) 36... Kh7) 35. Rd6 $40 {[%mdl 128] White has strong attack.} Qe7 36. Qxe7 Rxe7 {[%mdl 4096] Endgame KRN-KRN} 37. f3 Re5 38. Kg2 Ne6 (38... Kf8 $16 39. Kf2 Ke7) 39. Kf2 Nc5 {[#]} 40. Ke3 $1 {[%cal Re3f4]} Nd3 41. Kd4 Rf5 $2 (41... Re8 42. Rd5 Ne1) 42. Rd8+ $18 Kh7 43. Rd5 Rxd5+ 44. Kxd5 Nxb2 {KN-KN} 45. a3 Nd1 {Black wants to play ...c3.} 46. Kd4 g5 $2 (46... Kg6 47. Nd6 c3) 47. Nd6 c3 48. Kd3 Nf2+ 49. Kxc3 Nxh3 50. Nxb5 h5 51. Nd4 Kg6 52. Ne2 Kf6 53. a4 {Black must now prevent a5.} Ke6 54. Kd4 h4 55. Kc5 (55. gxh4 $142 {aiming for a5.} gxh4 56. f4) 55... Kd7 {[#]} (55... hxg3 {was worth a try.} 56. Nxg3 Ng1) 56. Kb6 $2 ({And not} 56. a5 hxg3 57. a6 (57. Nxg3 Ng1 $11) 57... Kc7 $11) (56. gxh4 $1 $18 {Threatens to win with h5.} gxh4 57. Kb6) 56... hxg3 $1 $11 {The position is equal.} 57. Nxg3 {Kb7 is the strong threat.} Ng1 58. a5 {[%cal Ba4a5,Ba5a6,Ba6a7][%mdl 32]} Kc8 $1 59. a6 {White threatens a7 and mate.} Kb8 60. Ne4 {Nd6 would kill now.} Nxf3 61. a7+ Ka8 62. Nxg5 Nxg5 {Accuracy: White = 53%, Black = 43%.} 1/2-1/2

[Event "6th Porticcio Open 2019"]
[Site "Porticcio"]
[Date "2019.07.03"]
[Round "6.6"]
[White "Libiszewski, Fabien"]
[Black "Onischuk, Vladimir"]
[Result "0-1"]
[WhiteElo "2518"]
[BlackElo "2630"]
[Annotator "ChessBase"]
[PlyCount "100"]
[EventDate "2019.06.23"]
[EventType "swiss"]
[EventCountry "FRA"]
[SourceTitle "playchess.com"]
[Source "ChessBase"]
[SourceQuality "1"]
[TimeControl "5400+30"]

1. e4 {[%emt 0:00:03]} d6 {[%emt 0:00:23]} 2. d4 {[%emt 0:00:09]} Nf6 {[%emt 0:00:32]} 3. Nc3 {[%emt 0:00:08]} g6 {[%emt 0:00:15]} 4. Bg5 {[%emt 0:00:15]} h6 {[%emt 0:01:38]} 5. Be3 {[%emt 0:01:57]} c6 {[%emt 0:01:55]} 6. h3 {[%emt 0:02:33]} Qa5 {[%emt 0:11:12]} 7. Qd2 {[%emt 0:11:08]} Nbd7 {[%emt 0:06:09]} 8. Nf3 {[%emt 0:01:00]} Bg7 {[%emt 0:04:50]} 9. a3 {[%emt 0:12:28]} Qc7 {[%emt 0:14:27]} 10. Rd1 {[%emt 0:13:49]} Kf8 {[%emt 0:01:50]} 11. Nh4 {[%emt 0:25:16]} Kg8 {[%emt 0:05:47]} 12. f4 {[%emt 0:00:09]} c5 {[%emt 0:11:00]} 13. Nf3 {[%emt 0:05:06]} Kh7 {[%emt 0:07:47]} 14. g4 {[%emt 0:03:47]} b5 {[%emt 0:08:35]} 15. Bxb5 {[%emt 0:09:11]} cxd4 {[%emt 0:02:20]} 16. Bxd4 {[%emt 0:00:37]} Bb7 {[%emt 0:01:28]} 17. O-O {[%emt 0:01:12]} Nc5 {[%emt 0:01:50]} 18. Bd3 {[%emt 0:01:20]} Rhd8 {[%emt 0:02:42]} 19. g5 {[%emt 0:00:47]} Nfxe4 {[%emt 0:03:00]} 20. Bxe4 {[%emt 0:00:19]} Nxe4 {[%emt 0:00:18]} 21. Nxe4 {[%emt 0:00:19]} Bxe4 {[%emt 0:00:08]} 22. Bxg7 {[%emt 0:00:25]} Bxf3 {[%emt 0:00:06]} 23. Rxf3 {[%emt 0:00:19]} Kxg7 {[%emt 0:00:06]} 24. gxh6+ {[%emt 0:01:27]} Kh7 {[%emt 0:00:26]} 25. Qd4 {[%emt 0:04:16]} Rg8 {[%emt 0:03:08]} 26. c4 {[%emt 0:00:29]} a5 {[%emt 0:01:12]} 27. Qd5 {[%emt 0:00:42]} Raf8 {[%emt 0:08:56]} 28. b4 {[%emt 0:01:00]} axb4 {[%emt 0:00:18]} 29. axb4 {[%emt 0:00:04]} e6 {[%emt 0:00:51]} 30. Qxd6 {[%emt 0:02:43]} Qxc4 {[%emt 0:00:04]} 31. Qd4 {[%emt 0:00:35]} Qb5 {[%emt 0:00:22]} 32. Rdf1 {[%emt 0:00:41]} Rd8 {[%emt 0:00:23]} 33. Qc5 {[%emt 0:00:56]} Qb7 {[%emt 0:00:10]} 34. Qc3 {[%emt 0:00:53]} Rd5 {[%emt 0:00:40]} 35. Kh2 {[%emt 0:00:36]} Kxh6 {[%emt 0:00:55]} 36. R1f2 {[%emt 0:00:37]} Rc8 {[%emt 0:00:47]} 37. Qf6 {[%emt 0:00:32]} Rf5 {[%emt 0:00:09]} 38. Qb2 {[%emt 0:00:08]} Kh7 {[%emt 0:00:10]} 39. Rg3 {[%emt 0:00:34]} Rh5 {[%emt 0:00:26]} 40. Rd2 {[%emt 0:00:38]} Qe4 {[%emt 0:00:54]} 41. Qd4 {[%emt 0:00:21]} Qf5 {[%emt 0:00:23]} 42. Rdg2 {[%emt 0:00:52]} Rc1 {[%emt 0:00:42]} 43. Re2 {[%emt 0:00:30]} Qb1 {[%emt 0:01:22]} 44. Qe4 {[%emt 0:00:03]} Qa1 {[%emt 0:00:44]} 45. Rb3 {[%emt 0:00:49]} Rd5 {[%emt 0:00:30]} 46. b5 {[%emt 0:00:24]} Rdd1 {[%emt 0:00:13]} 47. Rg2 {[%emt 0:00:31]} Rh1+ {[%emt 0:00:27]} 48. Kg3 {[%emt 0:00:02]} Rc3+ {[%emt 0:00:21]} 49. Rxc3 {[%emt 0:00:10]} Qxc3+ {[%emt 0:00:06]} 50. Kf2 {[%emt 0:00:04]} Rxh3 {[%emt 0:00:13]} 0-1

[Event "6th Porticcio Open 2019"]
[Site "Porticcio"]
[Date "2019.07.03"]
[Round "6.7"]
[White "Sonis, Francesco"]
[Black "Krasenkow, Michal"]
[Result "1/2-1/2"]
[WhiteElo "2498"]
[BlackElo "2620"]
[Annotator "ChessBase"]
[PlyCount "109"]
[EventDate "2019.06.23"]
[EventType "swiss"]
[EventCountry "FRA"]
[SourceTitle "playchess.com"]
[Source "ChessBase"]
[SourceQuality "1"]
[TimeControl "5400+30"]

1. Nf3 {[%emt 0:00:00]} d6 {[%emt 0:00:00]} 2. d4 {[%emt 0:00:03]} Bg4 {[%emt 0:00:00]} 3. Nbd2 {[%emt 0:01:32]} Nd7 {[%emt 0:02:35]} 4. h3 {[%emt 0:00:11]} Bh5 {[%emt 0:00:15]} 5. e4 {[%emt 0:02:09]} e5 {[%emt 0:00:39]} 6. c3 {[%emt 0:00:07]} Ngf6 {[%emt 0:01:24]} 7. Bd3 {[%emt 0:00:30]} Be7 {[%emt 0:00:38]} 8. O-O {[%emt 0:00:18]} O-O {[%emt 0:00:51]} 9. Re1 {[%emt 0:00:48]} c6 {[%emt 0:00:43]} 10. Nf1 {[%emt 0:02:36]} Re8 {[%emt 0:00:54]} 11. Ng3 {[%emt 0:00:08]} Bg6 {[%emt 0:00:36]} 12. Qc2 {[%emt 0:12:18]} Bf8 {[%emt 0:01:01]} 13. Be3 {[%emt 0:02:17]} exd4 {[%emt 0:07:24]} 14. cxd4 {[%emt 0:00:26]} c5 {[%emt 0:00:08]} 15. dxc5 {[%emt 0:13:56]} Nxc5 {[%emt 0:04:32]} 16. Bxc5 {[%emt 0:01:28]} dxc5 {[%emt 0:01:11]} 17. Rad1 {[%emt 0:00:05]} Qc7 {[%emt 0:00:47]} 18. e5 {[%emt 0:05:43]} Bxd3 {[%emt 0:03:22]} 19. Qxd3 {[%emt 0:08:41]} Rad8 {[%emt 0:01:08]} 20. Qf5 {[%emt 0:00:06]} Nd5 {[%emt 0:01:47]} 21. Ng5 {[%emt 0:01:50]} g6 {[%emt 0:00:56]} 22. Qf3 {[%emt 0:00:03]} h6 {[%emt 0:06:52]} 23. Rxd5 {[%emt 0:02:04]} hxg5 {[%emt 0:01:35]} 24. Rxd8 {[%emt 0:00:18]} Rxd8 {[%emt 0:00:45]} 25. Ne4 {[%emt 0:00:43]} Be7 {[%emt 0:03:15]} 26. Nf6+ {[%emt 0:08:45]} Kg7 {[%emt 0:00:47]} 27. Qg3 {[%emt 0:00:50]} Qa5 {[%emt 0:05:57]} 28. Re3 {[%emt 0:02:03]} Qxa2 {[%emt 0:03:31]} 29. Qxg5 {[%emt 0:00:05]} Qe6 {[%emt 0:01:04]} 30. Nh5+ {[%emt 0:01:25]} Kg8 {[%emt 0:03:31]} 31. Nf6+ {[%emt 0:00:10]} Bxf6 {[%emt 0:01:41]} 32. exf6 {[%emt 0:00:03]} Qf5 {[%emt 0:00:13]} 33. Qh4 {[%emt 0:02:13]} b5 {[%emt 0:03:41]} 34. f4 {[%emt 0:03:32]} Qh5 {[%emt 0:10:03]} 35. Qxh5 {[%emt 0:06:51]} gxh5 {[%emt 0:00:11]} 36. Re5 {[%emt 0:00:03]} Rd2 {[%emt 0:03:40]} 37. Rxc5 {[%emt 0:02:28]} Rxb2 {[%emt 0:00:12]} 38. Rg5+ {[%emt 0:00:05]} Kh7 {[%emt 0:00:29]} 39. Rg7+ {[%emt 0:05:57]} Kh6 {[%emt 0:00:02]} 40. Rxf7 {[%emt 0:00:04]} Kg6 {[%emt 0:00:49]} 41. Rxa7 {[%emt 0:00:05]} Kxf6 {[%emt 0:00:16]} 42. Ra6+ {[%emt 0:01:46]} Kf5 {[%emt 0:03:09]} 43. Rh6 {[%emt 0:00:06]} Kxf4 {[%emt 0:00:39]} 44. Rxh5 {[%emt 0:00:04]} b4 {[%emt 0:00:07]} 45. Kh2 {[%emt 0:01:19]} b3 {[%emt 0:00:34]} 46. Rb5 {[%emt 0:00:05]} Ke4 {[%emt 0:02:19]} 47. h4 {[%emt 0:00:03]} Kd4 {[%emt 0:00:11]} 48. h5 {[%emt 0:08:20]} Kc3 {[%emt 0:00:33]} 49. Kh3 Rb1 {[%emt 0:14:04]} 50. g4 {[%emt 0:04:04]} Rh1+ {[%emt 0:00:58]} 51. Kg2 {[%emt 0:00:11]} Rh4 {[%emt 0:00:06]} 52. Kg3 {[%emt 0:00:01]} Rh1 {[%emt 0:00:07]} 53. Kg2 {[%emt 0:00:01]} Rh4 {[%emt 0:00:08]} 54. Kg3 {[%emt 0:00:12]} Rh1 {[%emt 0:00:06]} 55. Kg2 {[%emt 0:03:06]} 1/2-1/2

[Event "6th Porticcio Open 2019"]
[Site "Porticcio"]
[Date "2019.07.03"]
[Round "6.8"]
[White "Debray, Christopher"]
[Black "Vocaturo, Daniele"]
[Result "0-1"]
[WhiteElo "2352"]
[BlackElo "2612"]
[Annotator "ChessBase"]
[PlyCount "96"]
[EventDate "2019.06.23"]
[EventType "swiss"]
[EventCountry "FRA"]
[SourceTitle "playchess.com"]
[Source "ChessBase"]
[SourceQuality "1"]
[TimeControl "5400+30"]

1. d4 {[%emt 0:00:09]} Nf6 {[%emt 0:00:00]} 2. c4 {[%emt 0:00:08]} e6 {[%emt 0:00:23]} 3. g3 {[%emt 0:00:09]} d5 {[%emt 0:00:47]} 4. Bg2 {[%emt 0:00:12]} Bb4+ {[%emt 0:00:36]} 5. Nd2 {[%emt 0:00:03]} O-O {[%emt 0:00:47]} 6. Ngf3 {[%emt 0:00:03]} dxc4 {[%emt 0:01:07]} 7. Qc2 {[%emt 0:00:09]} a5 {[%emt 0:00:49]} 8. Qxc4 {[%emt 0:05:01]} b6 {[%emt 0:00:55]} 9. a3 {[%emt 0:01:13]} Be7 {[%emt 0:04:03]} 10. Ne5 {[%emt 0:04:34]} Ba6 {[%emt 0:01:37]} 11. Qc2 {[%emt 0:00:15]} Ra7 {[%emt 0:01:02]} 12. Ndf3 {[%emt 0:03:19]} c5 {[%emt 0:01:34]} 13. dxc5 {[%emt 0:00:26]} Bxc5 {[%emt 0:00:22]} 14. Nd3 {[%emt 0:04:36]} Rc7 {[%emt 0:09:13]} 15. Nxc5 {[%emt 0:00:26]} Rxc5 {[%emt 0:00:06]} 16. Qd2 {[%emt 0:02:48]} Qc8 {[%emt 0:06:00]} 17. O-O {[%emt 0:00:38]} Rc2 {[%emt 0:01:31]} 18. Qd6 {[%emt 0:00:58]} Nc6 {[%emt 0:04:32]} 19. Nd4 {[%emt 0:03:21]} Rd8 {[%emt 0:04:07]} 20. Nxc6 {[%emt 0:00:27]} Rxd6 {[%emt 0:00:56]} 21. Ne7+ {[%emt 0:00:01]} Kf8 {[%emt 0:00:15]} 22. Nxc8 {[%emt 0:00:02]} Rxc8 {[%emt 0:00:43]} 23. Bf4 {[%emt 0:01:34]} Rd7 {[%emt 0:01:18]} 24. Be3 {[%emt 0:07:56]} Nd5 {[%emt 0:02:05]} 25. Bxd5 {[%emt 0:03:49]} Rxd5 {[%emt 0:00:05]} 26. Rfc1 {[%emt 0:04:11]} Rxc1+ {[%emt 0:02:05]} 27. Rxc1 {[%emt 0:00:01]} Bxe2 {[%emt 0:00:24]} 28. Bxb6 {[%emt 0:00:28]} a4 {[%emt 0:04:20]} 29. Bc5+ {[%emt 0:06:05]} Ke8 {[%emt 0:00:29]} 30. Kg2 {[%emt 0:04:08]} g5 {[%emt 0:02:12]} 31. h3 {[%emt 0:02:30]} h5 {[%emt 0:00:18]} 32. Be3 {[%emt 0:07:20]} g4 {[%emt 0:00:30]} 33. h4 {[%emt 0:00:45]} f6 {[%emt 0:01:41]} 34. Kh2 {[%emt 0:00:27]} e5 {[%emt 0:04:12]} 35. Rc2 {[%emt 0:00:36]} Bf3 {[%emt 0:01:12]} 36. Rd2 {[%emt 0:00:26]} Rb5 {[%emt 0:00:38]} 37. Kg1 {[%emt 0:02:27]} Rb7 {[%emt 0:00:33]} 38. Bc5 {[%emt 0:02:47]} Rc7 {[%emt 0:01:24]} 39. Rc2 {[%emt 0:00:01]} Rd7 {[%emt 0:00:42]} 40. Rc1 {[%emt 0:00:28]} Rd2 {[%emt 0:00:42]} 41. Rb1 {[%emt 0:00:47]} Rc2 {[%emt 0:04:02]} 42. Bb4 {[%emt 0:00:44]} Be2 {[%emt 0:00:33]} 43. Bc3 {[%emt 0:01:34]} Kf7 {[%emt 0:00:10]} 44. Kg2 {[%emt 0:01:37]} Ke6 {[%emt 0:00:16]} 45. Re1 {[%emt 0:00:10]} Kd5 {[%emt 0:02:04]} 46. Rb1 {[%emt 0:01:24]} f5 {[%emt 0:01:18]} 47. Kh2 {[%emt 0:03:30]} f4 {[%emt 0:01:49]} 48. Re1 {[%emt 0:02:44]} f3 {[%emt 0:05:51]} 0-1

[Event "6th Porticcio Open 2019"]
[Site "Porticcio"]
[Date "2019.07.04"]
[Round "7.1"]
[White "Lagarde, Maxime"]
[Black "Donchenko, Alexander"]
[Result "1-0"]
[WhiteElo "2599"]
[BlackElo "2618"]
[Annotator "ChessBase"]
[PlyCount "109"]
[EventDate "2019.06.23"]
[EventType "swiss"]
[EventCountry "FRA"]
[SourceTitle "playchess.com"]
[Source "ChessBase"]
[SourceQuality "1"]
[TimeControl "5400+30"]

1. e4 {[%emt 0:03:51]} c5 {[%emt 0:00:00]} 2. Nf3 {[%emt 0:00:26]} d6 {[%emt 0:00:00]} 3. d4 {[%emt 0:00:02]} cxd4 4. Qxd4 {[%emt 0:00:03]} Nc6 {[%emt 0:01:58]} 5. Qe3 {[%emt 0:00:05]} g6 {[%emt 0:02:34]} 6. Be2 {[%emt 0:00:49]} Bg7 {[%emt 0:01:39]} 7. O-O {[%emt 0:00:11]} Nf6 {[%emt 0:00:08]} 8. h3 {[%emt 0:02:26]} O-O {[%emt 0:08:25]} 9. Rd1 {[%emt 0:00:17]} Be6 {[%emt 0:04:52]} 10. Nc3 {[%emt 0:01:18]} Qc7 {[%emt 0:04:37]} 11. a3 {[%emt 0:02:22]} a6 {[%emt 0:03:38]} 12. Qg5 {[%emt 0:17:44]} Rac8 {[%emt 0:05:14]} 13. Qh4 {[%emt 0:02:18]} Ne5 {[%emt 0:11:51]} 14. Nxe5 {[%emt 0:07:40]} dxe5 {[%emt 0:00:17]} 15. Be3 {[%emt 0:01:01]} b5 {[%emt 0:05:10]} 16. a4 {[%emt 0:20:29]} b4 {[%emt 0:00:43]} 17. Nd5 {[%emt 0:00:10]} Qb7 {[%emt 0:01:24]} 18. Bxa6 {[%emt 0:00:30]} Qxa6 {[%emt 0:00:52]} 19. Nxe7+ {[%emt 0:00:04]} Kh8 {[%emt 0:00:06]} 20. Nxc8 {[%emt 0:00:13]} Rxc8 {[%emt 0:03:18]} 21. Rd2 {[%emt 0:05:28]} h5 {[%emt 0:11:11]} 22. f3 {[%emt 0:02:41]} Kg8 {[%emt 0:03:39]} 23. b3 {[%emt 0:02:29]} Nd7 {[%emt 0:02:29]} 24. Rad1 {[%emt 0:00:56]} Bf6 {[%emt 0:00:47]} 25. Bg5 {[%emt 0:01:37]} Qa7+ {[%emt 0:00:22]} 26. Kh1 {[%emt 0:03:04]} Bg7 {[%emt 0:00:46]} 27. Be7 {[%emt 0:02:03]} Bh6 {[%emt 0:00:38]} 28. Bg5 {[%emt 0:01:32]} Bf8 {[%emt 0:00:53]} 29. g4 {[%emt 0:01:18]} Rc3 {[%emt 0:02:30]} 30. gxh5 {[%emt 0:00:15]} Rxf3 {[%emt 0:03:02]} 31. Rd3 {[%emt 0:00:23]} Rxd3 {[%emt 0:04:02]} 32. Rxd3 {[%emt 0:00:15]} Qc5 {[%emt 0:01:48]} 33. Rd2 {[%emt 0:07:25]} Qc3 {[%emt 0:00:50]} 34. Kh2 {[%emt 0:00:38]} Qf3 {[%emt 0:09:08]} 35. hxg6 {[%emt 0:04:48]} fxg6 {[%emt 0:00:02]} 36. Rf2 {[%emt 0:01:48]} Qd1 {[%emt 0:00:57]} 37. Bf6 {[%emt 0:03:08]} Qh5 {[%emt 0:00:51]} 38. Qxh5 {[%emt 0:00:41]} gxh5 {[%emt 0:00:02]} 39. a5 {[%emt 0:01:54]} Bd6 {[%emt 0:02:40]} 40. a6 {[%emt 0:00:42]} Bc5 {[%emt 0:01:30]} 41. Bh4 {[%emt 0:02:13]} Ba7 {[%emt 0:04:40]} 42. Rg2+ {[%emt 0:00:22]} Kf7 {[%emt 0:00:09]} 43. Bf2 {[%emt 0:00:04]} Nc5 {[%emt 0:00:18]} 44. Be3 {[%emt 0:01:09]} Bc8 {[%emt 0:00:31]} 45. Rf2+ {[%emt 0:01:01]} Ke7 {[%emt 0:01:02]} 46. Rg2 {[%emt 0:00:37]} Kd6 {[%emt 0:00:39]} 47. Rg7 {[%emt 0:01:54]} Bd7 {[%emt 0:00:06]} 48. Rh7 {[%emt 0:00:16]} Bb6 {[%emt 0:00:53]} 49. Rxh5 {[%emt 0:00:14]} Bc8 {[%emt 0:00:15]} 50. Rh6+ {[%emt 0:00:45]} Kc7 {[%emt 0:00:02]} 51. h4 {[%emt 0:00:21]} Nd7 {[%emt 0:01:29]} 52. Bxb6+ {[%emt 0:00:29]} Nxb6 {[%emt 0:00:01]} 53. h5 {[%emt 0:00:32]} Nd7 {[%emt 0:00:06]} 54. a7 {[%emt 0:00:50]} Bb7 {[%emt 0:00:25]} 55. Rh7 {[%emt 0:00:21]} 1-0

[Event "6th Porticcio Open 2019"]
[Site "Porticcio"]
[Date "2019.07.04"]
[Round "7.2"]
[White "Sadhwani, Raunak"]
[Black "Kirk, Ezra"]
[Result "1-0"]
[WhiteElo "2482"]
[BlackElo "2428"]
[Annotator "ChessBase"]
[PlyCount "97"]
[EventDate "2019.06.23"]
[EventType "swiss"]
[EventCountry "FRA"]
[SourceTitle "playchess.com"]
[Source "ChessBase"]
[SourceQuality "1"]
[TimeControl "5400+30"]

1. d4 {[%emt 0:00:00]} Nf6 {[%emt 0:00:53]} 2. c4 {[%emt 0:00:00]} e6 {[%emt 0:00:28]} 3. g3 {[%emt 0:00:00]} Bb4+ {[%emt 0:02:26]} 4. Bd2 {[%emt 0:00:20]} Qe7 {[%emt 0:03:02]} 5. Bg2 {[%emt 0:00:33]} O-O {[%emt 0:01:46]} 6. Nc3 {[%emt 0:03:06]} d6 {[%emt 0:06:09]} 7. Nf3 {[%emt 0:02:36]} e5 {[%emt 0:07:05]} 8. O-O {[%emt 0:01:03]} c6 {[%emt 0:06:48]} 9. Qa4 {[%emt 0:04:01]} Bxc3 {[%emt 0:02:07]} 10. Bxc3 {[%emt 0:03:34]} e4 {[%emt 0:02:08]} 11. Ne1 {[%emt 0:02:16]} Nbd7 {[%emt 0:01:00]} 12. Qd1 {[%emt 0:04:15]} Re8 {[%emt 0:04:27]} 13. Nc2 {[%emt 0:01:34]} Nf8 {[%emt 0:00:08]} 14. d5 {[%emt 0:01:03]} c5 {[%emt 0:03:16]} 15. b4 {[%emt 0:04:27]} b6 {[%emt 0:01:09]} 16. a4 {[%emt 0:01:58]} Ng6 {[%emt 0:05:00]} 17. a5 {[%emt 0:00:05]} Rb8 {[%emt 0:07:21]} 18. axb6 {[%emt 0:06:21]} axb6 {[%emt 0:00:08]} 19. Ne3 {[%emt 0:00:23]} Ng4 {[%emt 0:03:33]} 20. Nxg4 {[%emt 0:02:24]} Bxg4 {[%emt 0:00:05]} 21. Qc2 {[%emt 0:00:53]} Bf5 {[%emt 0:04:42]} 22. Ra6 {[%emt 0:02:08]} Bc8 {[%emt 0:05:06]} 23. Ra3 {[%emt 0:00:19]} f5 {[%emt 0:06:08]} 24. Rb1 {[%emt 0:01:30]} Rb7 {[%emt 0:02:20]} 25. Ra8 {[%emt 0:01:14]} Ne5 {[%emt 0:08:17]} 26. Qa2 {[%emt 0:01:02]} Nd7 {[%emt 0:11:02]} 27. Bh3 {[%emt 0:02:11]} Rf8 {[%emt 0:00:56]} 28. Bxf5 {[%emt 0:01:00]} Rxf5 {[%emt 0:00:49]} 29. Rxc8+ {[%emt 0:00:05]} Nf8 {[%emt 0:00:45]} 30. Qa6 {[%emt 0:02:52]} Rf7 {[%emt 0:03:28]} 31. Bd2 {[%emt 0:02:03]} cxb4 {[%emt 0:01:06]} 32. Rxb4 {[%emt 0:02:07]} Ra7 {[%emt 0:00:05]} 33. Qxb6 {[%emt 0:00:24]} Ra2 {[%emt 0:00:17]} 34. Rb2 {[%emt 0:01:13]} Ra1+ {[%emt 0:00:42]} 35. Rb1 {[%emt 0:00:50]} Rxb1+ {[%emt 0:01:16]} 36. Qxb1 {[%emt 0:00:06]} h5 {[%emt 0:00:21]} 37. h4 {[%emt 0:02:52]} Qd7 {[%emt 0:01:12]} 38. Ra8 {[%emt 0:01:05]} Qg4 {[%emt 0:00:26]} 39. Be3 {[%emt 0:04:26]} Qxe2 {[%emt 0:00:25]} 40. c5 {[%emt 0:00:03]} dxc5 {[%emt 0:00:43]} 41. Bxc5 {[%emt 0:00:09]} Qc4 {[%emt 0:00:48]} 42. Qb4 {[%emt 0:09:50]} Qxd5 {[%emt 0:00:09]} 43. Rxf8+ {[%emt 0:02:52]} Rxf8 {[%emt 0:00:05]} 44. Bxf8 {[%emt 0:00:05]} e3 {[%emt 0:00:08]} 45. fxe3 {[%emt 0:03:15]} Qd1+ {[%emt 0:00:06]} 46. Kf2 {[%emt 0:00:36]} Qc2+ {[%emt 0:00:37]} 47. Kf3 {[%emt 0:00:37]} Qc6+ {[%emt 0:00:29]} 48. e4 {[%emt 0:01:32]} Qc1 {[%emt 0:00:27]} 49. Bc5 {[%emt 0:00:49]} 1-0